000 00890nam a2200229 a 4500
001 000034314
003 OSt
005 20240227073914.0
008 111003s1916 es 000 0 spa d
040 _aDO-SdBNP
_bspa
_cBNPHU
082 4 _a068.7291
_bA864s
245 0 3 _aEl ateneo de Santiago de Cuba :
_bsu fundación, su primer año de existencia, su porvenir /
_cpor el director Max Henríquez Ureña ; trabajos presentados durante el año por los ateneistas señores, Pascual Guerrero ... [et al.].
260 _aHabana :
_bImprenta de Aurelio Miranda,
_c1916.
300 _a230 p. ;
_c20 cm.
590 _aInventariado, 2019 / DG
610 2 4 _aAteneo de Santiago de Cuba
_977142
654 _aCuba
_xVida intelectual
700 1 _aHenríquez Ureña, Max,
_d1885-1968
_92621
700 1 _aGuerrero, Pascual.
_959794
910 _aValidado. Control de calidad MFF
942 _2ddc
_cLBS1
999 _c33805
_d33805